| 000 | 00555nam a2200169 i 4500 | ||
|---|---|---|---|
| 001 | 162803 | ||
| 003 | ES-MaACL | ||
| 005 | 20240523063047.0 | ||
| 008 | 931025s1863 sp f |||| | spa d | ||
| 100 | 1 |
_aQuevedo, Francisco de, _d1580-1645 _994591 |
|
| 245 | 1 | 0 | _aObras de D. F. Quevedo Villgas [i.e. Villegas]. |
| 250 |
_aEd. de lujo _bilustrada con láminas sueltas. |
||
| 260 |
_aMadrid : _bMurcia y Marti, _c1863. |
||
| 300 |
_a915, XVI p., [9] h. de lám. ; _c19 cm. |
||
| 852 |
_aES-MaACL _jC-964 _z- Enc. hol. |
||
| 999 |
_c162803 _d162803 |
||